| 000 | 00849cab a2200277 4500 | ||
|---|---|---|---|
| 001 | ABS56409 | ||
| 008 | 090401t1996 xxu||||| |||| 00| 0 eng d | ||
| 035 | _a(Sirsi) u23400 | ||
| 041 | _aeng | ||
| 100 | _aHeald, D. | ||
| 245 | 4 | _aThe valuation of NHS hospitals under capital charging | |
| 260 | _c1996 | ||
| 350 | _a0 | ||
| 490 |
_aJournal of Property Research _v13(4) December 1996, 299-315(17) |
||
| 520 | _aDiscusses the best methods of valuing NHS property for capital charging focusing on depreciated replacement cost. References. | ||
| 650 | _aASSET VALUATION | ||
| 650 | _aCAPITAL CHARGING | ||
| 650 | _aDEPRECIATED REPLACEMENT COST | ||
| 650 | _aNHS PROPERTY | ||
| 650 | _aPUBLIC SECTOR | ||
| 650 | _aVALUATION METHODS | ||
| 690 | _aRATING AND VALUATION | ||
| 700 | _aScott, D.A. | ||
| 942 | _n0 | ||
| 948 | _c04/03/1997 | ||
| 999 |
_c15642 _d15642 |
||